Statistics for U.S. National Parks Quiz

Click here to take the quiz!

General Stats

  • This quiz has been taken 33 times
    (22 since last reset)
  • The average score is 42 of 63

Answer Stats

HintAnswer% Correct
CaliforniaRedwood
100%
ColoradoRocky Mountain
100%
Wyoming/Montana/IdahoYellowstone
100%
CaliforniaYosemite
100%
MaineAcadia
92%
South DakotaBadlands
92%
AlaskaDenali
92%
FloridaEverglades
92%
MontanaGlacier
92%
VirginiaShenandoah
92%
UtahArches
83%
OregonCrater Lake
83%
ArizonaGrand Canyon
83%
North Carolina/TennesseeGreat Smoky Mountains
83%
ArkansasHot Springs
83%
CaliforniaJoshua Tree
83%
KentuckyMammoth Cave
83%
WashingtonOlympic
83%
UtahZion
83%
American SamoaAmerican Samoa
75%
TexasBig Bend
75%
UtahBryce Canyon
75%
CaliforniaChannel Islands
75%
OhioCuyahoga Valley
75%
HawaiiHawaii Volcanoes
75%
WashingtonMount Rainier
75%
North DakotaTheodore Roosevelt
75%
Virgin IslandsVirgin Islands
75%
New MexicoWhite Sands
75%
California/NevadaDeath Valley
67%
MissouriGateway Arch
67%
WyomingGrand Teton
67%
ColoradoGreat Sand Dunes
67%
CaliforniaSequoia
67%
FloridaBiscayne
58%
ColoradoBlack Canyon of the Gunnison
58%
UtahCanyonlands
58%
New MexicoCarlsbad Caverns
58%
FloridaDry Tortugas
58%
AlaskaGates of the Arctic
58%
NevadaGreat Basin
58%
IndianaIndiana Dunes
58%
MichiganIsle Royale
58%
ArizonaPetrified Forest
58%
South DakotaWind Cave
58%
UtahCapitol Reef
50%
South CarolinaCongaree
50%
AlaskaKenai Fjords
50%
ColoradoMesa Verde
50%
West VirginiaNew River Gorge
50%
ArizonaSaguaro
50%
AlaskaGlacier Bay
42%
TexasGuadalupe Mountains
42%
HawaiiHaleakala
42%
AlaskaKatmai
42%
CaliforniaKings Canyon
42%
MinnesotaVoyageurs
42%
AlaskaWrangell-St. Elias
42%
AlaskaKobuk Valley
33%
AlaskaLake Clark
33%
CaliforniaLassen Volcanic
33%
WashingtonNorth Cascades
33%
CaliforniaPinnacles
33%

Score Distribution

Percentile by Number Answered

Percent of People with Each Score

Your Score History

You have not taken this quiz since the last reset